000 00792nam a2200229Ia 4500
003 GCL
008 140319s9999 xx 000 0 ara d
040 _aGCL /
_cGCL
082 0 4 _a327.17
_bم ن
100 1 _aمركز المحروسة للمعلومات
245 1 0 _aالنظام العالمى الجديد /
_cمركز المحروسة للمعلومات
300 _aمتعدد
490 _aالهيئة العامة للاستعلامات
_v0
650 0 4 _aالتعاون الدولى
650 0 4 _aالسياسة
650 0 4 _aالعلاقات الدولية
650 0 4 _aالعلاقات الخارجية
650 0 4 _aالعلوم السياسية
650 0 4 _aالسياسات الدولية
650 0 4 _aالنظام العالمى الجديد
942 _2ddc
_cBK
999 _c50031
_d50031